ბათუმის შოთა რუსთაველის სახელმწიფო უნივერსიტეტის ბიბლიოთეკა

ადამიანი ბიოეთიკურ დროსა და სივრცეში = A Human in bioethical space and time = Человек в биоэтическом времени и пространстве / (ბიბ.ჩანაწერი № 41341)

000 -ლიდერი
ფიქსირებული სიგრძის საკონტროლო ველი 02414nam a2200313Ia 4500
001 - საკონტროლო ნომერი
საკონტროლო ველი 7999
003 - საკონტროლო ნომრის იდენტიფიკატორი
საკონტროლო ველი GE_BSU
005 - ბოლო ოპერაციის თარიღი და დრო
საკონტროლო ველი 20240212164403.0
008 - ფიქსირებული სიგრძის მონაცემთა ელემენტები - ზოგადი ინფორმაცია
ფიქსირებული სიგრძის საკონტროლო ველი 181216s2010ge xx |||||||||||||| ||geo||
020 ## - წიგნის საერთაშორისო სტანდარტული ნომერი
International Standard Book Number 9789941411267
040 ## - კატალოგიზაციის წყარო
Transcribing agency GE_BSU
041 ## - ენის კოდი
Language code of text/sound track or separate title geo
080 ## - უნივერსალური ათობითი კლასიფიკაციის ინდექსი
Universal Decimal Classification number 174:61+614+27-42 ა-26
100 ## - მთავარი ჩანაწერი - პიროვნების სახელი
Personal name ახალაძე, ადამი( ვახტანგ არქიმანდრიტი)
9 (RLIN) 14979
245 ## - ცნობა სათაურის შესახებ
Title ადამიანი ბიოეთიკურ დროსა და სივრცეში = A Human in bioethical space and time = Человек в биоэтическом времени и пространстве /
Statement of responsibility, etc ადამი( ვახტანგ არქიმანდრიტი) ; რედ. ნინო მიქაბერიძე ; ინგლ. ენაზე მთარგმნ. ცისანა (მარიამ) ბოცვაძე ; მხატ. რედ. ცოტნე-გიორგი ომიაძე.
264 ## - წარმოების, გამოცემის, დისტრიბუციის და სხვა ცნობები
გამოცემის, წარმოების, დისტრიბუციის... ადგილი თბილისი :
გამოცემის, წარმოების, დისტრიბუციის... სახელწოდება სეზანი,
გამოცემის, წარმოების, დისტრიბუციის... თარიღი 2010.
300 ## - ფიზიკური აღწერა
Extent 245 გვ. :
Dimensions 23 სმ.
440 ## - სერიის ცნობა / დამატებულია ჩანაწერი - სათაური
Title თამარის დროშის ბიბლიოთეკა
9 (RLIN) 14980
500 ## - ზოგადი შენიშვნა
General note ეძღვნება კათოლიკოს - პატრიარქის ილია II აღსაყდრებიდან 33-ე წლისთავს
546 ## - LANGUAGE NOTE
Language note ტექსტი ქართულ, ინგლისურ და რუსულ ენებზე
653 ## - INDEX TERM--UNCONTROLLED
Uncontrolled term ადამიანი ბიოეთიკურ დროსა და სივრცეში
653 ## - INDEX TERM--UNCONTROLLED
Uncontrolled term ბიოეთიკა
700 ## - ADDED ENTRY--PERSONAL NAME
Personal name მიქაბერიძე, ნინო
Relator term რედაქტორი
9 (RLIN) 14972
700 ## - ADDED ENTRY--PERSONAL NAME
Personal name ბოცვაძე, ცისანა (მარიამ)
Relator term მთარგმნელი
9 (RLIN) 14981
700 ## - ADDED ENTRY--PERSONAL NAME
Personal name ომიაძე. ცოტნე-გიორგი
Relator term მხატვარ რედაქტორი
9 (RLIN) 14982
710 ## - ADDED ENTRY--CORPORATE NAME
Corporate name or jurisdiction name as entry element საქ. საპატრიარქოს წმ. თამარ მეფის სახ. სასწ. უნ-ტი
9 (RLIN) 14983
710 ## - ADDED ENTRY--CORPORATE NAME
Corporate name or jurisdiction name as entry element სულიერი და სოციალურ-კულტ. განვ. ფონდი "თამარის დროშა"კონრად ადენაუერის ფონდი
9 (RLIN) 21227
942 ## - ADDED ENTRY ELEMENTS (KOHA)
Koha item type წიგნი
Source of classification or shelving scheme
ეგზემპლარები
ჩამოწერის სტატუსი დაკარგული ეგზემპლარის სტატუსი კლასიფიკაციის წყარო ან თაროზე გაწყობის სქემა დაზიანების სტატუსი არ გაიცემა მუდმივი მდებარეობა (დაცვის ადგილი) ამჟამინდელი ადგილსამყოფელი თაროზე განთავსების ადგილი შეძენის თარიღი სრული შენახვის შიფრი შტრიხკოდი ბოლო ოპერაციის თარიღი ეგზემპლარის მიმდევრობითი ნომერი (კეტერი?) ფასის ძალაში შესვლის თარიღი ეგზემპლარის სახეობა
          ბათუმის შოთა რუსთაველის სახელმწიფო უნივერსიტეტის მთავარი ბიბლიოთეკა ბათუმის შოთა რუსთაველის სახელმწიფო უნივერსიტეტის მთავარი ბიბლიოთეკა წიგნსაცავი 2018-12-17 174:61+614+27-42 ა-26 25071 2018-12-17 25071 2018-12-17 წიგნი